[Event "Kerkinitida Cup Blitz"]
[Site "Evpatoria"]
[Date "2023.09.03"]
[Round "4"]
[White "Ledakov, Alexandr"]
[Black "Brusilovskiy, Boris"]
[Result "1-0"]
[WhiteElo "2288"]
[BlackElo "2067"]
[PlyCount "76"]
[EventDate "2023.09.03"]
[EventType "swiss (blitz)"]
[EventRounds "13"]
[EventCountry "UKR"]
[SourceTitle "EXT 2024"]
[Source "ChessBase"]
[SourceDate "2023.10.10"]
[SourceVersion "1"]
[SourceVersionDate "2023.10.10"]
[SourceQuality "1"]

1. Nc3 d5 2. e4 d4 3. Nb1 e5 4. Nf3 Qf6 5. Bc4 Bg4 6. d3 Nc6 7. a3 Bd6 8. Nbd2 Nge7 9. h3 Bxf3 10. Qxf3 Qxf3 11. Nxf3 h6 12. h4 0-0 13. h5 Kh7 14. Nh4 f5 15. Nxf5 Nxf5 16. exf5 Rxf5 17. Bd5 Rf6 18. Be4+ Kh8 19. Bxc6 bxc6 20. f3 c5 21. b3 a5 22. a4 c4 23. bxc4 Rf5 24. Rb1 Bb4+ 25. Ke2 Raf8 26. Rh4 Be7 27. Rh3 e4 28. dxe4 Rc5 29. Kd3 Rf6 30. Rb5 Rxb5 31. cxb5 Bc5 32. Bb2 Rd6 33. e5 Rd5 34. Ke4 Rd8 35. Rh1 Bb6 36. Rd1 c5 37. bxc6 Rc8 38. Bxd4 Rxc6 1-0

[Event "Sevastopol Waltz op"]
[Site "Sevastopol"]
[Date "2022.08.08"]
[Round "8"]
[White "Tomilova, Elena"]
[Black "Ledakov, Alexandr"]
[Result "1-0"]
[WhiteElo "2211"]
[BlackElo "2288"]
[PlyCount "59"]
[EventDate "2022.08.01"]
[EventType "swiss"]
[EventRounds "9"]
[EventCountry "UKR"]
[SourceTitle "EXT 2023"]
[Source "ChessBase"]
[SourceDate "2022.10.05"]
[SourceVersion "1"]
[SourceVersionDate "2022.10.05"]
[SourceQuality "1"]

1. d4 d5 2. c4 Nc6 3. Nf3 Bg4 4. Nc3 e6 5. cxd5 exd5 6. Bf4 Bxf3 7. gxf3 Bd6 8. Bg3 Nge7 9. e3 Qd7 10. Rc1 f5 11. Bxd6 Qxd6 12. f4 0-0-0 13. a3 g5 14. fxg5 h6 15. g6 f4 16. g7 Rhe8 17. Qg4+ Kb8 18. Bg2 Qf6 19. Ne2 fxe3 20. fxe3 Nf5 21. 0-0 Nxe3 22. Rxf6 Nxg4 23. Rg6 Ne3 24. Bh3 Ne7 25. Rf6 Rd6 26. Rf7 Rg6+ 27. Ng3 Ng8 28. Rcxc7 Nf6 29. Rxb7+ Ka8 30. Rxa7+ 1-0

[Event "Sevastopol Waltz op"]
[Site "Sevastopol"]
[Date "2022.08.07"]
[Round "7"]
[White "Ledakov, Alexandr"]
[Black "Grebnev, Aleksey"]
[Result "0-1"]
[WhiteElo "2288"]
[BlackElo "2481"]
[PlyCount "114"]
[EventDate "2022.08.01"]
[EventType "swiss"]
[EventRounds "9"]
[EventCountry "UKR"]
[SourceTitle "EXT 2023"]
[Source "ChessBase"]
[SourceDate "2022.10.05"]
[SourceVersion "1"]
[SourceVersionDate "2022.10.05"]
[SourceQuality "1"]

1. d4 Nf6 2. Nf3 d5 3. c4 e6 4. Nc3 dxc4 5. e3 a6 6. a4 c5 7. dxc5 Qxd1+ 8. Kxd1 Bxc5 9. Bxc4 Nc6 10. Ke2 b6 11. Bd2 Bb7 12. Rab1 Ke7 13. Rhc1 Rhd8 14. Na2 a5 15. Rd1 Ne4 16. Bc3 Nxc3+ 17. Nxc3 f6 18. Rxd8 Rxd8 19. Rd1 Rxd1 20. Nxd1 g5 21. g4 Bd6 22. h3 h6 23. b3 f5 24. Nb2 Kf6 25. Nd1 Be5 26. Kd2 Ba1 27. Ne1 Nb4 28. Ke2 Be5 29. f3 Bg3 30. Nd3 Nd5 31. Ne1 Ne7 32. Nf2 Ng6 33. Nfd3 Nh4 34. Nf2 Bc6 35. Nfd3 e5 36. gxf5 Nxf5 37. Nf2 Nd6 38. Bd3 h5 39. Ng2 Bxf2 40. Kxf2 e4 41. Be2 Bd5 42. f4 Bxb3 43. Bxh5 Bxa4 44. fxg5+ Kxg5 45. Be2 Bb3 46. h4+ Kf5 47. Ke1 b5 48. Kd2 b4 49. Kc1 a4 50. Ne1 a3 51. Nc2 Bxc2 52. Kxc2 Nb7 53. Kb3 Nc5+ 54. Ka2 Na4 55. Kb3 Nc3 56. Bc4 a2 57. Kb2 Kg4 0-1

[Event "Sevastopol Waltz op"]
[Site "Sevastopol"]
[Date "2022.08.04"]
[Round "4"]
[White "Ledakov, Alexandr"]
[Black "Iljushin, Alexei"]
[Result "1/2-1/2"]
[WhiteElo "2288"]
[BlackElo "2431"]
[PlyCount "58"]
[EventDate "2022.08.01"]
[EventType "swiss"]
[EventRounds "9"]
[EventCountry "UKR"]
[SourceTitle "EXT 2023"]
[Source "ChessBase"]
[SourceDate "2022.10.05"]
[SourceVersion "1"]
[SourceVersionDate "2022.10.05"]
[SourceQuality "1"]

1. d4 Nf6 2. Nf3 b6 3. Bg5 Bb7 4. Nbd2 g6 5. Bxf6 exf6 6. e4 Bg7 7. Bd3 0-0 8. 0-0 Nc6 9. c3 Ne7 10. Re1 d6 11. a4 a6 12. Qb3 Qd7 13. Bf1 Rab8 14. Qc2 c5 15. dxc5 dxc5 16. Rad1 Qc7 17. Bc4 f5 18. exf5 Nxf5 19. Ne4 h6 20. Bd5 Bc8 21. Ng3 b5 22. axb5 axb5 23. Nxf5 Bxf5 24. Be4 Bxe4 25. Rxe4 Rfe8 26. g3 Qb7 27. Rxe8+ Rxe8 28. Kg2 b4 29. Qd3 bxc3 1/2-1/2

[Event "Black Sea GP Rapid"]
[Site "Evpatoria"]
[Date "2021.10.29"]
[Round "8"]
[White "Triapishko, Alexandr"]
[Black "Ledakov, Alexandr"]
[Result "1-0"]
[WhiteElo "2506"]
[BlackElo "2288"]
[PlyCount "101"]
[EventDate "2021.10.28"]
[EventType "swiss (rapid)"]
[EventRounds "9"]
[EventCountry "UKR"]
[SourceTitle "CBM 204 Extra"]
[Source "ChessBase"]
[SourceDate "2021.11.30"]
[SourceVersion "1"]
[SourceVersionDate "2021.11.30"]
[SourceQuality "1"]

1. g3 d5 2. Nf3 c6 3. Bg2 Nf6 4. 0-0 Bg4 5. c4 e6 6. d4 Nbd7 7. h3 Bh5 8. cxd5 exd5 9. Qb3 Qb6 10. Qe3+ Be7 11. Nh4 Kf8 12. Nf5 Re8 13. Nxe7 Rxe7 14. Qa3 Ke8 15. e3 Nf8 16. Nc3 Bg6 17. Bd2 Bd3 18. Nxd5 cxd5 19. Qxd3 Ne6 20. Qa3 Rd7 21. Rac1 Qa6 22. Qxa6 bxa6 23. Rc6 Ne4 24. Ba5 Ke7 25. Bb4+ Kf6 26. Rxa6 Rb8 27. a3 Rc8 28. Ra5 g5 29. Bxe4 dxe4 30. d5 Ng7 31. Ra6+ Ke5 32. Bc3+ Rxc3 33. bxc3 Nf5 34. c4 Rc7 35. Rc6 Rxc6 36. dxc6 Kd6 37. Rd1+ Kxc6 38. Rd5 Nd6 39. Rxg5 Nxc4 40. a4 Kb6 41. Rh5 a5 42. Kf1 Ka6 43. Rh4 Kb6 44. Ke2 f5 45. Rxh7 Nb2 46. h4 Nxa4 47. h5 Nc3+ 48. Kd2 Nd5 49. Rd7 Kc6 50. Rxd5 Kxd5 51. h6 1-0

[Event "Sevastopol Waltz Blitz"]
[Site "Sevastopol"]
[Date "2021.08.28"]
[Round "3"]
[White "Ledakov, Alexandr"]
[Black "Demidov, Mikhail"]
[Result "1/2-1/2"]
[WhiteElo "2288"]
[BlackElo "2551"]
[PlyCount "78"]
[EventDate "2021.08.28"]
[EventType "swiss (blitz)"]
[EventRounds "13"]
[EventCountry "UKR"]
[SourceTitle "CBM 204 Extra"]
[Source "ChessBase"]
[SourceDate "2021.11.30"]
[SourceVersion "1"]
[SourceVersionDate "2021.11.30"]
[SourceQuality "1"]

1. d4 g6 2. e4 Bg7 3. Nc3 a6 4. a4 d6 5. Be2 Nf6 6. Nf3 0-0 7. 0-0 Nc6 8. h3 e5 9. dxe5 Nxe5 10. Nxe5 dxe5 11. Qxd8 Rxd8 12. Rd1 Rxd1+ 13. Bxd1 Be6 14. Bf3 c6 15. a5 Bf8 16. Na4 Rd8 17. Be3 Nd7 18. Rd1 Be7 19. Nb6 Nxb6 20. Bxb6 Rxd1+ 21. Bxd1 f6 22. c3 c5 23. b3 Kf7 24. Kf1 Ke8 25. Ke2 Kd7 26. Kd3 f5 27. c4 Kd6 28. Bf3 Bc8 29. Kd2 Bg5+ 30. Kd3 f4 31. Ba7 Bf6 32. Bb8+ Kc6 33. Ba7 Be6 34. Bb6 Be7 35. Bg4 Kd7 36. Bxe6+ Kxe6 37. Ke2 g5 38. Kf3 h5 39. g4 h4 1/2-1/2

[Event "Sevastopol Waltz Blitz"]
[Site "Sevastopol"]
[Date "2021.08.28"]
[Round "12"]
[White "Ledakov, Alexandr"]
[Black "Ruchieva, Natalia"]
[Result "1-0"]
[WhiteElo "2288"]
[BlackElo "2135"]
[PlyCount "48"]
[EventDate "2021.08.28"]
[EventType "swiss (blitz)"]
[EventRounds "13"]
[EventCountry "UKR"]
[SourceTitle "CBM 204 Extra"]
[Source "ChessBase"]
[SourceDate "2021.11.30"]
[SourceVersion "1"]
[SourceVersionDate "2021.11.30"]
[SourceQuality "1"]

1. d4 d5 2. Nf3 Nf6 3. Bg5 Ne4 4. Bf4 e6 5. Nbd2 Nxd2 6. Qxd2 Bd6 7. Bg3 Nd7 8. e3 Nf6 9. Bd3 b6 10. Ne5 0-0 11. Bh4 Bb7 12. Qe2 Be7 13. Bxf6 Bxf6 14. f4 g6 15. g4 c5 16. c3 cxd4 17. exd4 Bh4+ 18. Kf1 Bf6 19. Kg2 Bxe5 20. fxe5 Qh4 21. Raf1 Rae8 22. Rf6 Qh6 23. h4 Re7 24. Kg3 Qg7 1-0

[Event "Sevastopol Waltz Blitz"]
[Site "Sevastopol"]
[Date "2021.08.28"]
[Round "6"]
[White "Ledakov, Alexandr"]
[Black "Zubritskiy, Artyom"]
[Result "0-1"]
[WhiteElo "2288"]
[BlackElo "2442"]
[PlyCount "68"]
[EventDate "2021.08.28"]
[EventType "swiss (blitz)"]
[EventRounds "13"]
[EventCountry "UKR"]
[SourceTitle "CBM 204 Extra"]
[Source "ChessBase"]
[SourceDate "2021.11.30"]
[SourceVersion "1"]
[SourceVersionDate "2021.11.30"]
[SourceQuality "1"]

1. d4 e6 2. Nf3 b6 3. Bg5 f6 4. Bf4 Bb7 5. Nbd2 g5 6. Bg3 h5 7. h4 g4 8. Ng1 Bh6 9. e3 Ne7 10. Ne2 Ng6 11. c3 Nc6 12. Qc2 Nce7 13. Ne4 Nf5 14. Nf4 Bxf4 15. exf4 Qe7 16. Bd3 0-0-0 17. 0-0-0 Qg7 18. Nd2 Bxg2 19. Rhg1 Bb7 20. Bxf5 exf5 21. Qxf5 Ne7 22. Qd3 Qh7 23. Qxh7 Rxh7 24. f3 Nf5 25. Rdf1 Rg8 26. fxg4 hxg4 27. Be1 g3 28. c4 Rxh4 29. d5 c6 30. Nf3 Rxf4 31. b3 cxd5 32. Bd2 Rfg4 33. Ne1 Nd4 34. Rg2 dxc4 0-1

[Event "Sevastopol Waltz Blitz"]
[Site "Sevastopol"]
[Date "2021.08.28"]
[Round "13"]
[White "Triapishko, Alexandr"]
[Black "Ledakov, Alexandr"]
[Result "1/2-1/2"]
[WhiteElo "2506"]
[BlackElo "2288"]
[PlyCount "75"]
[EventDate "2021.08.28"]
[EventType "swiss (blitz)"]
[EventRounds "13"]
[EventCountry "UKR"]
[SourceTitle "CBM 204 Extra"]
[Source "ChessBase"]
[SourceDate "2021.11.30"]
[SourceVersion "1"]
[SourceVersionDate "2021.11.30"]
[SourceQuality "1"]

1. Nf3 d5 2. g3 c6 3. Bg2 Nf6 4. c4 e6 5. 0-0 Nbd7 6. b3 a5 7. Nc3 Bd6 8. Bb2 0-0 9. d4 b6 10. Nd2 Bb7 11. e4 dxe4 12. Ndxe4 Be7 13. Qe2 Re8 14. Rfd1 Nxe4 15. Qxe4 Rb8 16. Qe2 Nf6 17. Rac1 Qc7 18. Ne4 Nxe4 19. Bxe4 c5 20. Bxb7 Qxb7 21. d5 exd5 22. Rxd5 Bf6 23. Qd2 Bxb2 24. Qxb2 Rbd8 25. Rcd1 Qe7 26. Rxd8 Rxd8 27. Rxd8+ Qxd8 28. Qe5 g6 29. Qe4 Qc7 30. Kg2 h5 31. h3 Kg7 32. g4 hxg4 33. hxg4 Qd6 34. g5 Qc7 35. a4 Qd6 36. Qe3 Kf8 37. Qe4 Kg7 38. Qe3 1/2-1/2

[Event "Sevastopol Waltz Blitz"]
[Site "Sevastopol"]
[Date "2021.08.28"]
[Round "10"]
[White "Zakhartsov, Vladimir"]
[Black "Ledakov, Alexandr"]
[Result "1-0"]
[WhiteElo "2506"]
[BlackElo "2288"]
[PlyCount "87"]
[EventDate "2021.08.28"]
[EventType "swiss (blitz)"]
[EventRounds "13"]
[EventCountry "UKR"]
[SourceTitle "CBM 204 Extra"]
[Source "ChessBase"]
[SourceDate "2021.11.30"]
[SourceVersion "1"]
[SourceVersionDate "2021.11.30"]
[SourceQuality "1"]

1. d4 Nc6 2. d5 Ne5 3. e4 e6 4. Be3 Nf6 5. f4 Neg4 6. Bd4 c5 7. dxc6 dxc6 8. h3 c5 9. Bb5+ Bd7 10. Bxf6 Nxf6 11. Bxd7+ Qxd7 12. Qxd7+ Nxd7 13. Nc3 0-0-0 14. Nf3 Be7 15. Ke2 a6 16. e5 Kc7 17. Rad1 h6 18. b3 Nb8 19. Ne4 Nc6 20. g4 b5 21. c3 Rd5 22. Rxd5 exd5 23. Ng3 Rd8 24. Nf5 Bf8 25. Rd1 g6 26. Ne3 Ne7 27. f5 Kc6 28. f6 Nc8 29. e6 fxe6 30. Ne5+ Kc7 31. Nxg6 Bd6 32. f7 Nb6 33. h4 Nd7 34. g5 Nf8 35. Nxf8 Bxf8 36. Ng4 hxg5 37. hxg5 Kd6 38. Rf1 e5 39. Rf6+ Ke7 40. Nxe5 Rc8 41. Ng6+ Kd7 42. Nxf8+ Rxf8 43. g6 Ke7 44. Rf1 1-0

[Event "Sochi Lobanov Memorial Blitz"]
[Site "Sochi"]
[Date "2021.06.26"]
[Round "3"]
[White "Demidov, Mikhail"]
[Black "Ledakov, Alexandr"]
[Result "1-0"]
[WhiteElo "2523"]
[BlackElo "2281"]
[PlyCount "155"]
[EventDate "2021.06.26"]
[EventType "swiss (blitz)"]
[EventRounds "13"]
[EventCountry "RUS"]
[SourceTitle "CBM 203 Extra"]
[Source "ChessBase"]
[SourceDate "2021.09.30"]
[SourceVersion "1"]
[SourceVersionDate "2021.09.30"]
[SourceQuality "1"]

1. d4 Nc6 2. Nf3 d6 3. d5 Nb8 4. c4 g6 5. Nc3 Bg7 6. e4 Bg4 7. Be2 Bxf3 8. Bxf3 Nf6 9. 0-0 Nfd7 10. Be3 a5 11. Rc1 Na6 12. g3 c6 13. Bg2 Nac5 14. Qe2 a4 15. Rfd1 Qa5 16. Qd2 Qb4 17. Bd4 Ne5 18. Qe2 0-0 19. Bf1 Rad8 20. h3 Ned7 21. Bxg7 Kxg7 22. f4 f6 23. Re1 e5 24. dxe6 Nxe6 25. Red1 Nb6 26. Rc2 Rfe8 27. Kh2 Nc5 28. Rd4 Ne6 29. Rd1 Nc5 30. e5 dxe5 31. Rxd8 Rxd8 32. fxe5 Rf8 33. Rd2 Nbd7 34. exf6+ Nxf6 35. Bg2 Rf7 36. Qe5 Ncd7 37. Qd4 Qa5 38. Rf2 Qe5 39. Rd2 Qxd4 40. Rxd4 Nc5 41. g4 Rd7 42. Rxd7+ Nfxd7 43. Kg3 Ne5 44. Bf1 g5 45. Kf2 Ned3+ 46. Ke3 Nxb2 47. Kd4 b6 48. Ke5 a3 49. Kd6 Nca4 50. Nb1 Nd1 51. Kxc6 Ndc3 52. Nxa3 Nxa2 53. Nb5 Nb4+ 54. Kb7 Kf6 55. Nd6 Ke5 56. Nc8 Kd4 57. Nxb6 Nc5+ 58. Kc7 Nc2 59. Nd5 Ne3 60. Nxe3 Kxe3 61. Kd6 Kd4 62. Be2 h6 63. Bf1 Nb3 64. Be2 Nc5 65. Ke7 Ke3 66. Bd1 Ke4 67. Kf6 Kf4 68. Bc2 Kg3 69. Bf5 Kh4 70. Kg6 Kxh3 71. Kxh6 Kh4 72. Kg6 Nb3 73. Kf6 Nc5 74. Ke5 Kg3 75. Kd5 Na6 76. c5 Nc7+ 77. Kd6 Nb5+ 78. Kd7 1-0

[Event "Sochi Lobanov Memorial Blitz"]
[Site "Sochi"]
[Date "2021.06.26"]
[Round "2"]
[White "Ledakov, Alexandr"]
[Black "Kurchenko, Egor"]
[Result "1-0"]
[WhiteElo "2281"]
[BlackElo "2068"]
[PlyCount "45"]
[EventDate "2021.06.26"]
[EventType "swiss (blitz)"]
[EventRounds "13"]
[EventCountry "RUS"]
[SourceTitle "CBM 203 Extra"]
[Source "ChessBase"]
[SourceDate "2021.09.30"]
[SourceVersion "1"]
[SourceVersionDate "2021.09.30"]
[SourceQuality "1"]

1. d4 d5 2. Nf3 Nf6 3. Bg5 e6 4. Nbd2 Be7 5. e3 0-0 6. Bd3 c5 7. c3 Nc6 8. Ne5 Qc7 9. f4 Ne8 10. Bxe7 Nxe7 11. Qh5 Nf6 12. Qh3 Nf5 13. 0-0 Nd6 14. Qf3 b6 15. Rad1 Bb7 16. Ng4 Nfe4 17. Qh3 a5 18. Bb1 f5 19. Ne5 Nxd2 20. Rxd2 Nf7 21. Nf3 Qe7 22. g4 fxg4 23. Qxh7# 1-0

[Event "Sochi Lobanov Memorial"]
[Site "Sochi"]
[Date "2021.06.23"]
[Round "9"]
[White "Demidov, Mikhail"]
[Black "Ledakov, Alexandr"]
[Result "1-0"]
[WhiteElo "2523"]
[BlackElo "2281"]
[PlyCount "91"]
[EventDate "2021.06.15"]
[EventType "swiss"]
[EventRounds "9"]
[EventCountry "RUS"]
[SourceTitle "CBM 203 Extra"]
[Source "ChessBase"]
[SourceDate "2021.09.30"]
[SourceVersion "1"]
[SourceVersionDate "2021.09.30"]
[SourceQuality "1"]

1. d4 d5 2. c4 c6 3. Nf3 e6 4. Qc2 Nf6 5. Bg5 Be7 6. e3 0-0 7. Nc3 Nbd7 8. cxd5 exd5 9. Bd3 Re8 10. 0-0 h6 11. Bf4 Nf8 12. h3 Ne6 13. Bg3 Ng5 14. Ne5 Bd6 15. f4 Ne6 16. Bh4 Be7 17. g4 Nf8 18. Rae1 N6d7 19. Bg3 Nxe5 20. fxe5 Ne6 21. Qf2 Rf8 22. h4 g6 23. Qh2 Ng7 24. Be2 Be6 25. Kh1 Qd7 26. Bf4 Bxg4 27. Bxh6 Bxe2 28. Nxe2 Qg4 29. Rf4 Qh5 30. Bxg7 Kxg7 31. Ng3 Qh7 32. Qh3 Rae8 33. Ref1 Bd8 34. Kg2 Kg8 35. h5 Bg5 36. R4f3 c5 37. Qg4 Bh6 38. Rf6 Bg7 39. hxg6 fxg6 40. Rh1 Bxf6 41. Rxh7 Kxh7 42. exf6 Rf7 43. Qh4+ Kg8 44. Qg5 Kh7 45. Qxd5 Ref8 46. Ne4 1-0

[Event "Sochi Lobanov Memorial"]
[Site "Sochi"]
[Date "2021.06.22"]
[Round "8"]
[White "Ledakov, Alexandr"]
[Black "Ibadov, Dashgyn"]
[Result "1/2-1/2"]
[WhiteElo "2281"]
[BlackElo "2285"]
[PlyCount "82"]
[EventDate "2021.06.15"]
[EventType "swiss"]
[EventRounds "9"]
[EventCountry "RUS"]
[SourceTitle "CBM 203 Extra"]
[Source "ChessBase"]
[SourceDate "2021.09.30"]
[SourceVersion "1"]
[SourceVersionDate "2021.09.30"]
[SourceQuality "1"]

1. d4 Nf6 2. Nf3 d5 3. Bg5 Ne4 4. Bf4 c5 5. c3 Nc6 6. e3 e6 7. Nbd2 Nxd2 8. Qxd2 cxd4 9. exd4 Bd6 10. Bd3 Qc7 11. Bxd6 Qxd6 12. Qg5 Qf8 13. g4 Bd7 14. Qe3 0-0-0 15. 0-0-0 f6 16. g5 Qd6 17. gxf6 gxf6 18. Qh6 Kc7 19. Rhg1 e5 20. dxe5 fxe5 21. Qxd6+ Kxd6 22. Ng5 Rdf8 23. Bxh7 Kc5 24. Be4 d4 25. Nf3 Rh5 26. Rg7 Bc8 27. cxd4+ Nxd4 28. Nxd4 exd4 29. Bxb7 Bf5 30. Bf3 Rxh2 31. Rg2 Rxg2 32. Bxg2 d3 33. Kd2 Kd4 34. Rh1 Bg4 35. f3 Rc8 36. Rc1 Rxc1 37. Kxc1 Be6 38. Kd2 Bxa2 39. Bf1 Bd5 40. Bxd3 Bxf3 41. Bf1 Kd5 1/2-1/2

[Event "Titled Tuesday intern op 13th Oct"]
[Site "Chess.com INT"]
[Date "2020.10.13"]
[Round "5"]
[White "Ledakov, Alexandr"]
[Black "Ardila, Oscar Humberto"]
[Result "0-1"]
[WhiteElo "2309"]
[BlackElo "2017"]
[PlyCount "120"]
[EventDate "2020.10.13"]
[EventType "swiss (blitz)"]
[EventRounds "10"]
[EventCountry "USA"]
[SourceTitle "CBM 198 Extra"]
[Source "ChessBase"]
[SourceDate "2020.11.30"]
[SourceVersion "1"]
[SourceVersionDate "2020.11.30"]
[SourceQuality "1"]

1. d4 Nf6 2. Nf3 g6 3. Nc3 d5 4. Bf4 c6 5. h3 Bg7 6. e3 Bf5 7. g4 Be4 8. Bg2 Bxf3 9. Bxf3 Nbd7 10. Qd2 b5 11. 0-0-0 a5 12. g5 Ng8 13. e4 b4 14. Na4 e6 15. Bd6 Ne7 16. Bxe7 Qxe7 17. exd5 cxd5 18. Bxd5 Rc8 19. f4 0-0 20. Bb3 Rfd8 21. Qe3 Qd6 22. Rd2 Nb6 23. Nxb6 Qxb6 24. Rhd1 Qa7 25. Ba4 Rd5 26. Qe4 Rcd8 27. Bb3 Rxd4 28. Rxd4 Rxd4 29. Rxd4 Bxd4 30. Kb1 Qc5 31. Qd3 Qb6 32. Bc4 Kg7 33. a3 bxa3 34. Qxa3 h6 35. Ka2 hxg5 36. fxg5 a4 37. h4 Be5 38. Bd3 Qd4 39. c3 Qxh4 40. Qxa4 Qxa4+ 41. Kb1 Qd1+ 42. Ka2 Qxd3 43. Ka3 Qc4 44. b3 Qg4 45. b4 Qxg5 46. Ka4 Qf6 47. c4 Bc3 48. b5 Bd4 49. Kb4 Bc5+ 50. Kxc5 Qe7+ 51. Kb6 e5 52. c5 e4 53. c6 e3 54. c7 Qd6+ 55. Kb7 Qd5+ 56. Kb8 Qxb5+ 57. Kc8 e2 58. Kd8 Qb6 59. Kd7 Qxc7+ 60. Kxc7 e1Q 0-1

[Event "Titled Tuesday intern op 13th Oct"]
[Site "Chess.com INT"]
[Date "2020.10.13"]
[Round "3"]
[White "Ledakov, Alexandr"]
[Black "Makhnev, Denis"]
[Result "0-1"]
[WhiteElo "2309"]
[BlackElo "2486"]
[PlyCount "78"]
[EventDate "2020.10.13"]
[EventType "swiss (blitz)"]
[EventRounds "10"]
[EventCountry "USA"]
[SourceTitle "CBM 198 Extra"]
[Source "ChessBase"]
[SourceDate "2020.11.30"]
[SourceVersion "1"]
[SourceVersionDate "2020.11.30"]
[SourceQuality "1"]

1. d4 Nf6 2. Nf3 e6 3. Bg5 h6 4. Bh4 d5 5. Nbd2 Nbd7 6. e3 b6 7. Bb5 Bb7 8. Ne5 g5 9. Bg3 a6 10. Bd3 Bd6 11. f4 Qe7 12. Qe2 c5 13. c3 cxd4 14. exd4 b5 15. 0-0 Rg8 16. f5 Kd8 17. Nxf7+ Qxf7 18. Bxd6 exf5 19. Bxf5 Re8 20. Qd3 Ne4 21. Nxe4 dxe4 22. Qg3 Qd5 23. Rae1 a5 24. Be5 Nxe5 25. dxe5 Qxe5 26. Rd1+ Kc7 27. Rd7+ Kb8 28. Rd8+ Kc7 29. Rd7+ Kb8 30. Qe3 Ra6 31. g4 Rc6 32. Rfd1 Qc5 33. Kf2 Qe5 34. Kg2 Bc8 35. R1d5 Bxd7 36. Rxe5 Rxe5 37. Bxd7 Rd6 38. Bf5 Kb7 39. Kf2 Ka6 0-1

[Event "Titled Tuesday intern op 13th Oct"]
[Site "Chess.com INT"]
[Date "2020.10.13"]
[Round "4"]
[White "Zverev, Lev"]
[Black "Ledakov, Alexandr"]
[Result "0-1"]
[WhiteElo "2053"]
[BlackElo "2309"]
[PlyCount "86"]
[EventDate "2020.10.13"]
[EventType "swiss (blitz)"]
[EventRounds "10"]
[EventCountry "USA"]
[SourceTitle "CBM 198 Extra"]
[Source "ChessBase"]
[SourceDate "2020.11.30"]
[SourceVersion "1"]
[SourceVersionDate "2020.11.30"]
[SourceQuality "1"]

1. e4 Nc6 2. Nf3 d6 3. d4 g6 4. c3 Bg7 5. Bd3 e5 6. Be3 Nge7 7. 0-0 0-0 8. Nbd2 h6 9. Re1 Kh7 10. Nf1 f5 11. exf5 gxf5 12. dxe5 dxe5 13. Bc2 Be6 14. Ng3 e4 15. Nd2 Nd5 16. Bb3 f4 17. Ngxe4 fxe3 18. fxe3 Qe7 19. Qh5 Ne5 20. Bc2 Kh8 21. h3 Rad8 22. Ng3 Qg5 23. Qxg5 hxg5 24. Nde4 Bh6 25. Bb3 b6 26. Ne2 c5 27. N4g3 g4 28. Nf4 Bf7 29. Nf5 Nxf4 30. exf4 Bxf4 31. Bxf7 Rxf7 32. Nh4 gxh3 33. Rxe5 Bxe5 34. Ng6+ Kh7 35. Nxe5 Rg7 36. Rf1 Rxg2+ 37. Kh1 Rdg8 38. Nd7 R8g7 39. Nf6+ Kh6 40. Ne4 Rxb2 41. Nf2 Rg2 42. Nxh3 Rh2+ 43. Kg1 Rbg2# 0-1

[Event "Titled Tuesday intern op 06th Oct"]
[Site "Chess.com INT"]
[Date "2020.10.06"]
[Round "7"]
[White "Ledakov, Alexandr"]
[Black "Matinian, Nikita"]
[Result "1-0"]
[WhiteElo "2309"]
[BlackElo "2470"]
[PlyCount "121"]
[EventDate "2020.10.06"]
[EventType "swiss (blitz)"]
[EventRounds "10"]
[EventCountry "USA"]
[SourceTitle "CBM 198 Extra"]
[Source "ChessBase"]
[SourceDate "2020.11.30"]
[SourceVersion "1"]
[SourceVersionDate "2020.11.30"]
[SourceQuality "1"]

1. d4 Nf6 2. Nf3 e6 3. Bg5 Be7 4. Nbd2 d5 5. e3 c5 6. c3 Nc6 7. Ne5 Nxe5 8. dxe5 Nd7 9. Bf4 g5 10. Bg3 h5 11. h3 h4 12. Bh2 b6 13. Qc2 Bb7 14. 0-0-0 Qc7 15. f4 a5 16. Nf3 gxf4 17. Bxf4 a4 18. a3 Ra5 19. c4 b5 20. cxd5 Bxd5 21. Rxd5 exd5 22. e6 Bd6 23. exd7+ Kxd7 24. Qf5+ Kc6 25. Ne5+ Kb7 26. Qd3 d4 27. Qe4+ Kb6 28. exd4 cxd4+ 29. Kb1 Rd8 30. Nd3 Bxf4 31. Qxf4 Qxf4 32. Nxf4 b4 33. Bd3 b3 34. Kc1 Rc5+ 35. Kd2 Rdc8 36. Rb1 Ka5 37. Ne2 Rg8 38. Rg1 Rcg5 39. Be4 d3 40. Kxd3 Rd8+ 41. Ke3 Re5 42. Kf4 Rc5 43. Nc3 Rd2 44. Rb1 f5 45. Bf3 Rc2 46. Ke3 Rc8 47. Nd1 Rc1 48. Rxc1 Rxc1 49. Kf4 Rc5 50. Kg5 Kb5 51. Kxh4 Kc4 52. Kg5 Kd3 53. h4 Kd2 54. h5 f4+ 55. Kf6 Rc6+ 56. Bxc6 Kxd1 57. Bxa4 Kc2 58. Bxb3+ Kxb2 59. Kf5 Kxb3 60. Kxf4 Kxa3 61. Kg5 1-0

[Event "Titled Tuesday intern op 06th Oct"]
[Site "Chess.com INT"]
[Date "2020.10.06"]
[Round "8"]
[White "Makhnev, Denis"]
[Black "Ledakov, Alexandr"]
[Result "0-1"]
[WhiteElo "2486"]
[BlackElo "2309"]
[PlyCount "68"]
[EventDate "2020.10.06"]
[EventType "swiss (blitz)"]
[EventRounds "10"]
[EventCountry "USA"]
[SourceTitle "CBM 198 Extra"]
[Source "ChessBase"]
[SourceDate "2020.11.30"]
[SourceVersion "1"]
[SourceVersionDate "2020.11.30"]
[SourceQuality "1"]

1. c4 Nc6 2. Nc3 d6 3. d4 g6 4. e4 Bg7 5. d5 Nb8 6. Be3 e5 7. Be2 Ne7 8. g4 h6 9. h4 Nd7 10. Nf3 Nf6 11. Nd2 c5 12. f3 Bd7 13. Qc2 a6 14. a3 0-0 15. b4 b6 16. Nd1 Rc8 17. Nf2 Ne8 18. g5 h5 19. Rg1 b5 20. bxc5 dxc5 21. Nb3 Nd6 22. Nxc5 bxc4 23. Kf1 f5 24. gxf6 Bxf6 25. Rb1 Bxh4 26. Nxd7 Qxd7 27. Rb6 Kh7 28. Rxa6 Nb5 29. Qc1 Nd4 30. Qd1 c3 31. Bxd4 c2 32. Qc1 exd4 33. Bd3 Rxf3 34. Rg2 Rcf8 0-1

[Event "Titled Tuesday intern op 22nd Sept"]
[Site "Chess.com INT"]
[Date "2020.09.22"]
[Round "8"]
[White "Ledakov, Alexandr"]
[Black "Brown, Equitable"]
[Result "1-0"]
[WhiteElo "2309"]
[BlackElo "2057"]
[PlyCount "69"]
[EventDate "2020.09.22"]
[EventType "swiss (blitz)"]
[EventRounds "10"]
[EventCountry "USA"]
[SourceTitle "CBM 198 Extra"]
[Source "ChessBase"]
[SourceDate "2020.11.30"]
[SourceVersion "1"]
[SourceVersionDate "2020.11.30"]
[SourceQuality "1"]

1. d4 f5 2. Nf3 Nf6 3. Bg5 d5 4. Bxf6 exf6 5. Nc3 c6 6. Qd2 Bd6 7. h4 0-0 8. h5 Qe7 9. 0-0-0 Be6 10. e3 Nd7 11. Bd3 g5 12. hxg6 hxg6 13. Rh6 Kg7 14. Rdh1 Rh8 15. Rxh8 Rxh8 16. Rg1 a6 17. Ne2 g5 18. c3 Nf8 19. Qc2 g4 20. Nd2 Qd7 21. Nf4 Bxf4 22. exf4 Ng6 23. g3 Rh2 24. Nf1 Rh3 25. b4 Ne7 26. a4 Nc8 27. a5 Nd6 28. Ne3 Rh2 29. Qe2 Ne4 30. Bxe4 dxe4 31. Rd1 Bb3 32. Rd2 Kg6 33. Kb2 Bg8 34. c4 Qh7 35. d5 1-0